书目信息 |
| 题名: |
太空少年
|
|
| 作者: | 眉村卓 著 ;韩巍 , 韩冈觉 译 | |
| 分册: | ||
| 出版信息: | 北京 海洋出版社 1982 |
|
| 页数: | 116页 | |
| 开本: | 19cm | |
| 丛书名: | ||
| 单 册: | ||
| 中图分类: | I313.84 | |
| 科图分类: | ||
| 主题词: | 儿童文学-小说--日本 , 小说-儿童文学--日本 | |
| 电子资源: | ||
| ISBN: | ||
| 000 | 00735nam0 2200265 45 | |
| 001 | 0182003005 | |
| 005 | 20070731110514.61 | |
| 010 | @dCNY0.42 | |
| 091 | @aCN@b10193.0148 | |
| 100 | @a19950526d1982 acdy0chiy0121 ea | |
| 101 | 1 | @achi@cjpn |
| 102 | @aCN@b110000 | |
| 105 | @af z 000ay | |
| 200 | 10 | @a太空少年@Atai kong shao nian@f(日)眉村卓著@g韩冈觉, 韩巍译 |
| 210 | @a北京@c海洋出版社@d1982 | |
| 215 | @a116页@c图@d19cm | |
| 606 | @a儿童文学-小说@y日本 | |
| 606 | @a小说-儿童文学@y日本 | |
| 690 | @aI313.84@v3 | |
| 701 | 0 | @a眉村卓@Amei cun zhuo@4著 |
| 702 | 0 | @a韩巍@Ahan wei@4译 |
| 702 | 0 | @a韩冈觉@Ahan gang jue@4译 |
| 801 | 2 | @aCN@bNLC@c20070731 |
| 801 | 0 | @aCN@bTSSF@c20060820 |
| 905 | @a10447@dI313.84@e203 | |
| 太空少年/(日)眉村卓著/韩冈觉, 韩巍译.-北京:海洋出版社,1982 |
| 116页:图;19cm |
| ISBN :CNY0.42 |
| ● |
| 相关链接 |
|
|
|
|
正题名:太空少年
索取号:I313.84/203
 
预约/预借
| 序号 | 登录号 | 条形码 | 馆藏地/架位号 | 状态 | 备注 |
| 1 | 0450356 | 204503563 | 密集书库/ [索取号:I313.84/203] | 在馆 | |
| 2 | 0469113 | 204691137 | 密集书库/ [索取号:I313.84/203] | 在馆 | |
| 3 | 0787163 | 207871631 | 密集书库/ [索取号:I313.84/203] | 在馆 |